Top 20 largest countries by population - Statistics

General Stats
  • This quiz has been taken 18 times
  • The average score is 17 of 20
Answer Stats
Hint Answer % Correct
2 1,425 B China
100%
1 1,439 B India
100%
9 144 M Russia
100%
3 341 M USA
100%
7 217 M Brazil
94%
14 114 M Egypt
94%
4 279 M Indonesia
94%
10 129 M Mexico
94%
8 174 M Bangladesh
88%
19 83 M Germany
88%
5 244 M Pakistan
88%
12 122 M Japan
82%
20 71 M Thailand
82%
18 86 M Turkey
82%
17 89 M Iran
76%
6 228 M Nigeria
76%
16 99 M Vietnam
71%
15 105 M D.R Congo
65%
13 118 M Philippines
65%
11 129 M Ethiopia
53%
No matching quizzes found
Score Distribution
Percent of People with Each Score
Percentile by Number Answered
Your Score History
You have not taken this quiz